| 000 | 00524ngm a2200205 4500 | ||
|---|---|---|---|
| 005 | 20170303174816.0 | ||
| 006 | a|||||r|||| 00| | | ||
| 008 | 160218b xxu||||| |||| 00| 0 spa d | ||
| 041 | _aspa | ||
| 082 | _a92 DVD | ||
| 245 | _aCocos Island | ||
| 260 |
_bMertec _aCosta Rica _c1998 |
||
| 300 | _a50 minutos | ||
| 650 |
_aDOCUMENTAL _94671 |
||
| 650 |
_aHIELO _940852 |
||
| 650 |
_aZONAS GLACIARES _940853 |
||
| 650 |
_aCAMBIOS GEOLÓGICOS _940854 |
||
| 650 |
_aDERRETIMIENTO DE GLACIARES _940855 |
||
| 942 | _cDVD | ||
| 999 |
_c8953 _d8953 |
||